De los tt̕ulos valores

Bibliographic Details
Main Author: Peą Nossa, Lisandro
Format: eBook
Language:Spanish
Published: Bogot:̀ ECOE, 2016
Subjects:
Online Access:Acceso restringido

MARC

LEADER 00000nam a22000007a 4500
005 20190904131511.0
007 cr|||| ||||
008 190904s2016 co |||||s|||| 00||0 spa d
020 |a 978-958-771-338-1 
035 |a 24769 
040 |a vLex 
090 |c 9384  |d 9384 
100 1 |a Peą Nossa, Lisandro 
245 1 5 |a De los tt̕ulos valores  |h [Recurso electrn̤ico] /  |c Lisandro Peą Nossa 
256 |a Servicio en ln̕ea 
260 |a Bogot:̀  |b ECOE,  |c 2016 
300 |a 1 recurso electrn̤ico 
506 1 |a Disponible solo en los productos indicados  |d vLex Global  |d vLex Global (Academic Edition, excluding Law Schools)  |d vLex Global (U.S. Academic Edition, Law Schools)  |d vLex Global (U.S. Academic Edition, excluding Law Schools)  |d vLex Global (Academic Edition, Law Schools) 
650 0 4 |a Derecho Fiscal  |z Colombia 
740 0 |a vLex Libros (Servicio en ln̕ea) 
856 4 0 |u http://vlex.com/source/titulos-valores-24769  |z Acceso restringido 
942 |c BOOK 
999 0 |a Tax Law